| 000 | 00903cam a2200301 a 4500 | ||
|---|---|---|---|
| 001 | 2840930 | ||
| 003 | NUST | ||
| 005 | 20220510161609.0 | ||
| 008 | 840326s1984 nyua 001 0 eng | ||
| 010 | _a 84007187 | ||
| 020 | _a0026155109 | ||
| 038 | _awaseem | ||
| 040 |
_aDLC _cDLC _dDLC |
||
| 043 | _ae-ur--- | ||
| 050 | 0 | 0 |
_aUB251.S65 _bS88 1984 |
| 082 | 0 | 0 |
_a355.34320947 _bSUV |
| 100 | 1 |
_aSuvorov, Viktor. _991476 |
|
| 245 | 1 | 0 |
_aInside Soviet military intelligence / _cViktor Suvorov. |
| 260 |
_aNew York : _bMacmillan, _cc1984. |
||
| 300 |
_axiii, 193 p. : _bill. ; _c25 cm. |
||
| 500 | _aBritish ed. has title: Soviet military intelligence. | ||
| 500 | _aIncludes index. | ||
| 563 | _aHBK. | ||
| 600 | 1 | 0 |
_aSuvorov, Viktor. _991476 |
| 610 | 1 | 0 |
_aSoviet Union. _bGlavnoe razvedyvatelʹnoe upravlenie. _991477 |
| 906 |
_a7 _bcbc _corignew _d1 _eocip _f19 _gy-gencatlg |
||
| 942 |
_2ddc _cBK |
||
| 999 |
_c589601 _d589601 |
||